Statistiques concernant Pays des deux hémisphères

Cliquez ici pour prendre le quiz!

Statistiques générales

  • Ce quiz a été pris 162 fois
    (158 depuis la dernière actualisation)
  • Le résultat moyen est 11 sur 18

Statistiques - réponses

Réponse% Correct
Brésil
92%
Equateur
89%
Indonésie
86%
République Démocratique du Congo
85%
République du Congo
83%
Colombie
74%
Kenya
74%
Gabon
65%
France
62%
Ouganda
62%
Guinée Equatoriale
56%
Somalie
54%
Royaume-Uni
52%
Etats-Unis
50%
Kiribati
39%
Maldives
38%
São Tomé et Principe
37%
Norvège
16%

Distribution des résultats

Percentile par nombre de réponses

% des personnes avec chaque résultat

Votre développement - résultats

Vous n’avez pas pris ce quiz depuis la dernière actualisation